000 003710000a22001450004500
020 _a950-49-0810-1
041 0 _aSPA
082 0 4 _aG 823 C5555c
100 1 _aChristie, Agatha
245 1 0 _aEl caso de los anónimos / Agatha Christie ; C. Peraire del Molino, Traductor
260 _aSantafé de Bogotá : Planeta
300 _a188 Pág.
001 14216
942 _cBK
999 _c43114
_d43114